000 00554nam a2200193Ia 4500
005 20260114185803.0
008 008 260114s9999 xx 000 0 eng d
020 _a9781501332265
037 _aEBOOK
040 _aCRL
_beng
_cCRL
041 _aeng
_2eng
084 _qCRL
100 _aMichael Nott
_9874388
245 0 _aPhotopoetry 1845-2015 A Critical History
260 _bBloomsbury
_c2018
856 _uhttps://doi.org/10.5040/9781501332265?locatt=label:secondary_bloomsburyCollections
942 _cEBOOK
999 _c1473322
_d1473322